01018nam a2200253 a 450000100100000000500170001000800410002702000150006804000250008308200260010810000500013424500820018425000110026626000400027730000280031750000630034559000270040865000400043565000310047565100800050691000370058695201240062399900170074700004181020250630104810.0131017s2004 dr a 000 0 spa d a8489539774 aDO-SdBNPbspacBNPHU aRD863.44bH731j, 20041 aHolguín Veras, Miguel A.,d1927-200791392110aJuro que sabré vengarme... :bnovela histórica /cMiguel Holguín-Veras. a3a ed. aSanto Domingo :bDe colores,c2004. a163 p. :bil. ;c21 cm. aIncluye datos biográficos del autor en la contracubierta aInventariado, 2020 /LP 0aNovela histórica dominicana.9860 0aLiteratura dominicana.967 0aREPÚBLICA DOMINICANAxHISTORIAyERA DE TRUJILLO, 1930-1961xNOVELA921999 aValidado. Control de calidad MFF 0010718PDaPDbPDcHDd2013-10-17iLF1l0oRD863.44 H731j, 2004p41810-10r2020-06-25w2020-06-25yLFPDZNo se presta c41299d41299